towards experience in literacy and language (Record no. 78242)

MARC details
000 -CABECERA
campo de control de longitud fija 00637nam a2200217 a 4500
005 - FECHA Y HORA DE LA ÚLTIMA TRANSACCIÓN
campo de control 20210219153505.0
008 - ELEMENTOS DE LONGITUD FIJA--INFORMACIÓN GENERAL
campo de control de longitud fija 991125n 000 0 u
035 ## - NÚMERO DE CONTROL DEL SISTEMA
Número de control de sistema UPN01000102585
100 ## - ASIENTO PRINCIPAL--NOMBRE PERSONAL
Nombre de persona Booth, June
222 ## - TÍTULO CLAVE
Título clave READING :
Información calificativa A JOURNAL FOR THE STUDY AND IMPROVEMENT OF READING AND RELATED SKILLS
245 ## - MENCIÓN DE TÍTULO
Título towards experience in literacy and language
300 ## - DESCRIPCIÓN FÍSICA
Extensión 15-17
362 ## - FECHAS DE PUBLICACIÓN Y/O DESIGNACIÓN SECUENCIAL
Fecha de publicación y/o designación secuencial 25, No. 3, 1991
505 ## - NOTA DE CONTENIDO CON FORMATO PREESTABLECIDO
Nota de contenido con formato Julio 1993
653 0# - TERMINO DE INDIZACION - NO CONTROLADO
Término no controlado ACTIVIDADES DE CLASE
653 0# - TERMINO DE INDIZACION - NO CONTROLADO
Término no controlado PADRES COMO MAESTROS
653 0# - TERMINO DE INDIZACION - NO CONTROLADO
Término no controlado PARTICIPACION DE LOS PADRES
700 ## - ASIENTO SECUNDARIO--NOMBRE DE PERSONAL
Nombre de persona Bannister, Linda
904 ## - ELEMENTOS DE DATOS D LOCAL, LDD (RLIN)
a AC
b 040396
905 ## - TIPO DE MATERIAL
Tipo de material Articulo

No items available.